<?xml version="1.0" encoding="UTF-8"?>
<record
    xmlns:xsi="http://www.w3.org/2001/XMLSchema-instance"
    xsi:schemaLocation="http://www.loc.gov/MARC21/slim http://www.loc.gov/standards/marcxml/schema/MARC21slim.xsd"
    xmlns="http://www.loc.gov/MARC21/slim">

  <leader>03091nam a2200301 a 4500</leader>
  <controlfield tag="001"> </controlfield>
  <controlfield tag="003">DO-SdBNP</controlfield>
  <controlfield tag="005">20250624133410.0</controlfield>
  <controlfield tag="008">100521s2006    dr      r     001 p spa d</controlfield>
  <datafield tag="020" ind1=" " ind2=" ">
    <subfield code="a">9993442593</subfield>
  </datafield>
  <datafield tag="040" ind1=" " ind2=" ">
    <subfield code="a">BPMSU </subfield>
    <subfield code="b">spa</subfield>
    <subfield code="c">BPMSU</subfield>
  </datafield>
  <datafield tag="082" ind1=" " ind2=" ">
    <subfield code="a">RD863.08</subfield>
    <subfield code="b">S693c 2006</subfield>
    <subfield code="2">22</subfield>
  </datafield>
  <datafield tag="245" ind1="0" ind2="0">
    <subfield code="a">A la sombra del ca&#xF1;averal :</subfield>
    <subfield code="b">antolog&#xED;a de cuentistas del Este /</subfield>
    <subfield code="c">compilador Isael P&#xE9;rez ; presentaci&#xF3;n Alejandro Arvelo.</subfield>
  </datafield>
  <datafield tag="260" ind1=" " ind2=" ">
    <subfield code="a">Santo Domingo :</subfield>
    <subfield code="b">Direcci&#xF3;n General de la Feria del Libro,</subfield>
    <subfield code="c">2006.</subfield>
    <subfield code="f"> </subfield>
  </datafield>
  <datafield tag="300" ind1=" " ind2=" ">
    <subfield code="a">214 p. ;</subfield>
    <subfield code="c">23 cm.</subfield>
  </datafield>
  <datafield tag="490" ind1="0" ind2=" ">
    <subfield code="a">Ferilibro</subfield>
    <subfield code="v">98</subfield>
  </datafield>
  <datafield tag="500" ind1=" " ind2=" ">
    <subfield code="a">Incluye datos biogr&#xE1;ficos del compilador en la solapa de la cubierta</subfield>
  </datafield>
  <datafield tag="500" ind1=" " ind2=" ">
    <subfield code="a">Incluye datos biogr&#xE1;ficos de los cuentistas al pie de las p&#xE1;ginas</subfield>
  </datafield>
  <datafield tag="505" ind1="0" ind2=" ">
    <subfield code="a">resentaci&#xF3;n / Alejandro Arvelo -- La literatura dominicana en la regi&#xF3;n este / Isael P&#xE9;rez -- Hab&#xED;a una vez un hombre llamado s&#xE1;ndalo / N&#xE9;stor Caro -- La m&#xE1;scara del tiempo / Avelino Sanley -- Ni la muerte lo quer&#xED;a / Miguel &#xC1;ngel G&#xF3;mez -- La iniciaci&#xF3;n / Fernando Ure&#xF1;a Rib -- Deseo de cristal / R&#xF3;mulo Zorrilla -- Po&#xE9;tico po&#xE9;tico / N&#xE9;stor Garc&#xED;a -- Los pavos de don Paipul&#xE1;, el ignominioso / H&#xE9;ctor Payano -- Chito / Jos&#xE9; Rijo -- En busca del enganche / Ram&#xF3;m Marrero Aristy -- Cuando los perros se amarraban con longaniza / Justiniano Est&#xE9;vez Aristy -- El juez que se volvi&#xF3; loco / Celio Guerrero -- Muertos que no hacen ruidos / Daniel del Carpio -- Historia de la mujer que se transforma / Rafael Peralta Romero -- La mujer del guerrillero / Bonaparte Gautreaux Pi&#xF1;eyro -- Ay, Rosal&#xED;a / Juan Carlos Mieses -- Los reinos de la ternura / H&#xE9;ctor Williams Zorrilla -- El deseo de morir en su tierra / Juan Mart&#xED;nez Montero -- Posesi&#xF3;n / S&#xE9;lvido Candelario -- Juan Bobo y Pedro Animal / Cecilio D&#xED;az Carela -- Tres granos de sal / Juan Pradios Rojas -- Antes que la luz se acabe / Aquiles Juli&#xE1;n -- La ni&#xF1;a Ana / Billy Laureano -- &#xBF;Porque lo Hiciste? / Ricardo Vega -- Siete letras / Miguel Solano -- La novia del coronel era un travesti / Abel Astacio -- No duermes en cuarto ajeno / Jes&#xFA;s Morales -- Ahora que vuelvo, Ton / Ren&#xE9; del Risco Berm&#xFA;dez -- Senectud / Miguel Phipps Cueto -- La muerte espera en el tranquilo barrio de gascue / Herman Mella Chavier -- Dar para recibir / Mar&#xED;a Aybar -- El sue&#xF1;o / Bernot Berry Mart&#xED;nez -- No eres un hombre, hijo / Iv&#xE1;n Garc&#xED;a Guerra -- El viaje / Manuel Luna V&#xE1;squez -- Charlie / Ricardo Nieves -- La que nunca fue / Bruno Sili&#xE9; -- La dama del lago / Teresita Beltr&#xE9; -- La historia de un perro / Miguel &#xC1;ngel Moncl&#xFA;s -- &#xBF;Qu&#xE9; responden? / Edgar Reyes Tejada -- Oneyda / Claudio Alberto Mustaf&#xE1; -- El Aqueybana o cacique yaquimo / H&#xE9;ctor Zambrano.</subfield>
  </datafield>
  <datafield tag="590" ind1=" " ind2=" ">
    <subfield code="6">Inventariado, 2021/VM</subfield>
  </datafield>
  <datafield tag="650" ind1=" " ind2="4">
    <subfield code="a">Cuentos dominicanos</subfield>
    <subfield code="x">Colecciones</subfield>
  </datafield>
  <datafield tag="650" ind1=" " ind2="4">
    <subfield code="a">Literatura dominicana</subfield>
    <subfield code="x"> </subfield>
  </datafield>
  <datafield tag="651" ind1=" " ind2="4">
    <subfield code="a">Regi&#xF3;n Este (Rep&#xFA;blica Dominicana</subfield>
    <subfield code="x">Antologias Literarias</subfield>
  </datafield>
  <datafield tag="700" ind1="1" ind2=" ">
    <subfield code="a">P&#xE9;rez, Isael </subfield>
    <subfield code="e">comp. </subfield>
  </datafield>
  <datafield tag="710" ind1="2" ind2=" ">
    <subfield code="a">Direcci&#xF3;n General de la Feria del Libro (Rep&#xFA;blica Dominicana)</subfield>
  </datafield>
  <datafield tag="910" ind1=" " ind2=" ">
    <subfield code="a">VMateo V. Control de calidad. BPMSU </subfield>
  </datafield>
  <datafield tag="942" ind1=" " ind2=" ">
    <subfield code="2">ddc</subfield>
    <subfield code="c">BK</subfield>
  </datafield>
  <datafield tag="952" ind1=" " ind2=" ">
    <subfield code="0">0</subfield>
    <subfield code="1">0</subfield>
    <subfield code="2">ddc</subfield>
    <subfield code="4">0</subfield>
    <subfield code="7">0</subfield>
    <subfield code="8">CD</subfield>
    <subfield code="a">BPMET</subfield>
    <subfield code="b">BPMET</subfield>
    <subfield code="d">2021-06-07</subfield>
    <subfield code="o">BPMSU CD RD863.08 S693c 2006</subfield>
    <subfield code="p">BPMSU21060019</subfield>
    <subfield code="r">2021-06-07</subfield>
    <subfield code="w">2021-06-07</subfield>
    <subfield code="y">BK</subfield>
  </datafield>
  <datafield tag="952" ind1=" " ind2=" ">
    <subfield code="0">0</subfield>
    <subfield code="1">0</subfield>
    <subfield code="2">ddc</subfield>
    <subfield code="4">0</subfield>
    <subfield code="7">0</subfield>
    <subfield code="8">CD</subfield>
    <subfield code="a">BPMET</subfield>
    <subfield code="b">BPMET</subfield>
    <subfield code="d">2021-06-07</subfield>
    <subfield code="l">0</subfield>
    <subfield code="o">BPMSU CD RD863.08 S693c 2006</subfield>
    <subfield code="p">BPMSU25060104</subfield>
    <subfield code="r">2025-06-24</subfield>
    <subfield code="t">e.2</subfield>
    <subfield code="w">2021-06-07</subfield>
    <subfield code="y">BK</subfield>
  </datafield>
  <datafield tag="999" ind1=" " ind2=" ">
    <subfield code="c">13557</subfield>
    <subfield code="d">13557</subfield>
  </datafield>
</record>
